| 000 | 01169cam a22003611 4500 | ||
|---|---|---|---|
| 001 | 4605459 | ||
| 003 | AUA.1 | ||
| 005 | 20250513082952.0 | ||
| 008 | 250513t19651963nyu 000 0 eng | ||
| 010 | _a65014196 | ||
| 035 | _a(OCoLC)ocm01316464 | ||
| 035 | _a(NNC)4605459 | ||
| 040 |
_aDLC _cDLC _dSBH _dOCL _dEL$ |
||
| 041 | 1 |
_aeng _hfre |
|
| 043 |
_ae-fr--- _af------ _af-ae--- |
||
| 050 | 0 |
_aDT 33 _b.F36 1968 |
|
| 098 | _aMX76 | ||
| 100 | 1 |
_aFanon, Frantz, _d1925-1961. _923805 |
|
| 245 | 1 | 4 |
_aThe wretched of the earth / _cPref. by Jean-Paul Sartre. Translated from the French by Constance Farrington. |
| 260 |
_aNew York : _bGrove Press, _c[1968, c1963] |
||
| 300 |
_a316 p. _c19 cm. |
||
| 650 | 0 |
_aOffenses against the person. _923806 |
|
| 650 | 2 |
_aAggression. _923807 |
|
| 650 | 2 |
_aCivilization. _923808 |
|
| 650 | 2 |
_aNeurotic Disorders. _923809 |
|
| 650 | 2 |
_aPsychology, Social. _923810 |
|
| 650 | 4 |
_aNacionalismo _zArgelia _923811 |
|
| 651 | 0 |
_aFrance _xColonies _zAfrica. _923812 |
|
| 651 | 0 |
_aAlgeria _xHistory _y1945-1962. _923813 |
|
| 651 | 4 |
_aAfrica _xPolĂtica _923814 |
|
| 942 |
_2lcc _cDWBSLC _hDT 33 _i.F36 1968 |
||
| 999 |
_c25054 _d25054 |
||